000 00480nam a2200193Ia 4500
005 20260429111944.0
008 260429s9999||||xx |||||||||||||| ||und||
020 _a9789391382285
041 _aEnglish
082 _a331
_bSUN
100 _aSuneyna
245 0 _aLabour economics /
_cSuneyna
250 _a1st ed.
260 _aNew Delhi :
_bSwastik Publications,
_c2025.
300 _aviii, 243 p.; hb
650 _a Labour economics
650 _aEconomics
942 _cTB
999 _c51610
_d51610